Transducers in Mechanical and Electrical Design (Record no. 301205)

000 -LEADER
fixed length control field 00308 a2200133 4500
001 - CONTROL NUMBER
control field 66132
082 ## - DEWEY DECIMAL CLASSIFICATION NUMBER
Classification number 621.3TRI
090 ## - LOCALLY ASSIGNED LC-TYPE CALL NUMBER (OCLC); LOCAL CALL NUMBER (RLIN)
-- 38427
-- 38427
100 ## - MAIN ENTRY--PERSONAL NAME
Personal name Trietley Harry
245 ## - TITLE STATEMENT
Title Transducers in Mechanical and Electrical Design
250 ## - EDITION STATEMENT
Edition statement 1
260 ## - PUBLICATION, DISTRIBUTION, ETC.
Place of publication, distribution, etc. N.Y
Name of publisher, distributor, etc. Marcel Dekker
Date of publication, distribution, etc. 1986
300 ## - PHYSICAL DESCRIPTION
Extent 374p
942 ## - ADDED ENTRY ELEMENTS (KOHA)
Institution code [OBSOLETE] NUST-CAE
Call number prefix 621.3TRI
Holdings
Withdrawn status Lost status Damaged status Not for loan Collection code Permanent Location Current Location Date acquired Total Checkouts Full call number Barcode Date last seen Price effective from Koha item type
          College of Aeronautical Engineering (CAE) College of Aeronautical Engineering (CAE) 04/03/2017   621.3TRI CAEN-356 04/05/2017 04/05/2017 Book
© 2023 Central Library, National University of Sciences and Technology. All Rights Reserved.